Derecho laboral individual / (Registro nro. 30727)

Detalles MARC
000 -LEADER
fixed length control field 01815nam a2200241Ia 4500
003 - CONTROL NUMBER IDENTIFIER
control field CO-CtgCURN
005 - DATE AND TIME OF LATEST TRANSACTION
control field 20250409212017.0
008 - FIXED-LENGTH DATA ELEMENTS--GENERAL INFORMATION
fixed length control field 220303s9999 xx 000 0 und d
020 ## - INTERNATIONAL STANDARD BOOK NUMBER
International Standard Book Number 9789587678437
040 ## - CATALOGING SOURCE
Original cataloging agency CO-CtgCURN
Language of cataloging spa
Transcribing agency coctgcurn
082 ## - DEWEY DECIMAL CLASSIFICATION NUMBER
Classification number 344.01
Item number V145
100 ## - MAIN ENTRY--PERSONAL NAME
Personal name Valdés Sánchez, Germán
Relator term autor
9 (RLIN) 8433
245 #0 - TITLE STATEMENT
Title Derecho laboral individual /
Statement of responsibility, etc. Germán Valdés Sánchez
260 ## - PUBLICATION, DISTRIBUTION, ETC.
Place of publication, distribution, etc. Bogotá, Colombia :
Name of publisher, distributor, etc. Legis,
Date of publication, distribution, etc. 2019
300 ## - PHYSICAL DESCRIPTION
Extent 416 páginas ;
Dimensions 23 centímetros
500 ## - GENERAL NOTE
General note Incluye índice
505 ## - FORMATTED CONTENTS NOTE
Formatted contents note Cap.1. La importancia del derecho del trabajo -- Cap.2. Desarrollo histórico -- Cap.3. El derecho laboral en la constitución política -- Cap.4. La organización internacional del trabajo -- Cap.5. Líneas de pensamiento en lo laboral -- Cap.6. Principios del derecho laboral en el código sustantivo del trabajo -- Cap.7. El contrato individual del trabajo -- Cap.8. Participación en las utilidades de la empresa -- Cap.9. El empleador -- Cap.10. La llamada tercerización -- Cap.11. Modalidades del contrato de trabajo -- Cap.12. La figura de la revisión -- Cap.13. La suspensión del contrato de trabajo -- Cap.14. Terminación del contrato de trabajo -- Cap.15. La sanción moratoria y la indexación -- Cap.16. Contrato con determinados trabajadores -- Cap.17. Reglamento interno de trabajo -- Cap.18. Salarios -- Cap.19. La jornada de trabajo -- Cap.20. Régimen de descansos -- Cap.21. Trabajo dominical y festivo -- Cap.22. Protección a la maternidad -- Cap.23. Protección a los discapacitados -- Cap.24. Prescripción .
521 ## - TARGET AUDIENCE NOTE
Target audience note AREA PROFESIONAL
590 ## - LOCAL NOTE (RLIN)
Local note Programa de Derecho_18
650 ## - SUBJECT ADDED ENTRY--TOPICAL TERM
Topical term or geographic name entry element Derecho laboral
Geographic subdivision Colombia
9 (RLIN) 8434
942 ## - ADDED ENTRY ELEMENTS (KOHA)
Koha item type Libros
Classification part 344.01
Item part V145
Source of classification or shelving scheme Dewey Decimal Classification
Existencias
Withdrawn status Lost status Source of classification or shelving scheme Damaged status Not for loan Collection Home library Current library Shelving location Date acquired Source of acquisition Inventory number Total checkouts Full call number Barcode Date last seen Copy number Price effective from Koha item type Public note
    Dewey Decimal Classification       Miguel Henríquez Castañeda Barranquilla Miguel Henríquez Castañeda Barranquilla General 03/02/2022 Compra OC-12-009-21 04995   344.01 V145 04995 03/03/2022 ej.1 03/03/2022 Libros Compra OC-12-009-21 IIP 2021